| 000 | 00999cam a2200277 a 4500 | ||
|---|---|---|---|
| 001 | 661059 | ||
| 005 | 20250819125924.0 | ||
| 008 | 940608s1993 maub b 001 0 eng d | ||
| 020 |
_a0943575931 : _c$29.95 |
||
| 020 | _a9780943575933 | ||
| 041 | 1 |
_aeng _hgrc |
|
| 050 | 0 | 0 |
_aB689.A4 _bE5 1993 |
| 082 | 0 | 0 |
_a181/.06 _220 |
| 100 | 0 |
_aPhilo, _cof Alexandria. |
|
| 245 | 1 | 4 |
_aThe works of Philo : _bcomplete and unabridged / _ctranslated by C.D. Yonge. |
| 250 | _aNew updated ed. | ||
| 260 |
_aPeabody, Mass. : _bHendrickson Pub., _cc1993. |
||
| 300 |
_axx, 918 p. : _bmaps. ; _c24 cm. |
||
| 650 | 0 | _aPhilosophy, Ancient. | |
| 650 | 0 |
_aJudaism _vWorks to 1900. |
|
| 650 | 0 |
_aJewish philosophy _vEarly works to 1800. |
|
| 700 | 1 |
_aYonge, Charles Duke, _d1812-1891. |
|
| 856 | 4 | 2 |
_3Publisher description _uhttp://www.loc.gov/catdir/description/hend021/94168668.html |
| 856 | 4 | 2 |
_3Contributor biographical information _uhttp://www.loc.gov/catdir/enhancements/fy0706/94168668-b.html |
| 942 |
_2lcc _cBK _n0 |
||
| 999 |
_c7295 _d7295 |
||